| 000 | 00882aam a2200373a 44500 | ||
|---|---|---|---|
| 008 | 930106s1988 cat | ||
| 017 | _aB-22529-1988 | ||
| 020 | _a8430770631 | ||
| 041 | _acat | ||
| 041 | _bspa | ||
| 080 | _a37.013(038) | ||
| 100 |
_aGiner, Rosa _966434 |
||
| 245 | _aVocabulari de termes escolars | ||
| 245 | _cJoan E Pellicer | ||
| 245 | _cRosa Giner | ||
| 260 | _aBarcelona | ||
| 260 | _bTeide | ||
| 260 | _c1988 | ||
| 300 |
_aVI, 249 p. _c20 cm |
||
| 520 | _aaprox. 12900 | ||
| 591 | _a1913 | ||
| 592 | _aObra terminològica | ||
| 593 | _aRL | ||
| 593 | _aRR | ||
| 594 | _a1913 | ||
| 650 |
_aorganització escolar _962654 |
||
| 650 |
_apedagogia _962892 |
||
| 700 |
_aPellicer, Joan E. _966435 |
||
| 901 | _c<1988> | ||
| 902 | _a930106 | ||
| 942 |
_cMO _n0 |
||
| 999 |
_c55308 _d55308 |
||